| 000 | 00560nam a2200205 a 4500 | ||
|---|---|---|---|
| 005 | 20140412111302.0 | ||
| 008 | 001120s19uu xx 00 eng d | ||
| 020 | _a983-9072-25-0 | ||
| 050 |
_aER _bGa11 1993 |
||
| 050 |
_aER _bGa11 |
||
| 100 | _aMarican, Y. Mansoor | ||
| 245 |
_aThe Gallant tailor / _cillustrated by Linda Worral ; by Y. Mansoor Marican. |
||
| 260 |
_aKuala Lumpur : _bMECRON, _c1993. |
||
| 300 | _a1 v. (unp.) | ||
| 440 | _aMECRON well-loved tales | ||
| 650 | _aFolktales | ||
| 650 | _aReading | ||
| 999 |
_c103474 _d103474 |
||